LEADER 02020nam 2200589Ia 450 001 9910454265803321 005 20200520144314.0 010 $a1-282-03264-X 010 $a9786612032646 010 $a0-8144-1091-X 035 $a(CKB)1000000000716069 035 $a(EBL)420620 035 $a(OCoLC)318651629 035 $a(SSID)ssj0000205613 035 $a(PQKBManifestationID)11200921 035 $a(PQKBTitleCode)TC0000205613 035 $a(PQKBWorkID)10192760 035 $a(PQKB)10548335 035 $a(MiAaPQ)EBC420620 035 $a(Au-PeEL)EBL420620 035 $a(CaPaEBR)ebr10279926 035 $a(CaONFJC)MIL203264 035 $a(EXLCZ)991000000000716069 100 $a20081024d2009 uy 0 101 0 $aeng 135 $aur|n|---||||| 181 $ctxt 182 $cc 183 $acr 200 10$aMore proactive sales management$b[electronic resource] $eavoid the mistakes even great sales managers make--and get extraordinary results /$fWilliam "Skip" Miller 210 $aNew York $cAmerican Management Association$dc2009 215 $a1 online resource (235 p.) 300 $aIncludes index. 311 $a0-8144-1090-1 327 $aCONTENTS; PREFACE; ACKNOWLEDGMENTS; INTRODUCTION; PART 1 INTERNAL TEAM DECISIONS; PART 2 UPWARD DECISIONS; PART 3 SALES DECISIONS; PART 4 INFRASTRUCTURE DECISIONS; PART 5 SELF DECISIONS; EPILOGUE AND CALL TO ACTION; INDEX 330 $aManaging great sales is different than making great sales. This book shows readers how to avoid the most common mistakes of their trade. 606 $aSales management 606 $aSelling 608 $aElectronic books. 615 0$aSales management. 615 0$aSelling. 676 $a658.8 676 $a658.8/1 676 $a658.81 700 $aMiller$b William$f1955-$0886436 801 0$bMiAaPQ 801 1$bMiAaPQ 801 2$bMiAaPQ 906 $aBOOK 912 $a9910454265803321 996 $aMore proactive sales management$92173345 997 $aUNINA LEADER 01344oam 2200421Kn 450 001 9910691698703321 005 20030421161413.0 035 $a(CKB)5470000002346392 035 $a(OCoLC)49037848 035 9 $aocm49037848 035 $a(OCoLC)995470000002346392 035 $a(EXLCZ)995470000002346392 100 $a20020214d2000 ua 0 101 0 $aeng 181 $ctxt$2rdacontent 182 $cc$2rdamedia 183 $acr$2rdacarrier 200 00$aBuying a washing machine?$b[electronic resource] $eit's a load-ed question 210 1$a[Washington, D.C.] :$cFederal Trade Commission, Bureau of Consumer Protection, Office of Consumer and Business Education,$d[2000] 225 1 $aFTC consumer alert 300 $aTitle from title screen (viewed on Apr. 21, 2003). 517 $aBuying a washing machine? 606 $aWashing machines$xEnergy consumption 615 0$aWashing machines$xEnergy consumption. 676 $a621.54 676 $a011.53 676 $a643.6 676 $a333.7916 676 $a640.73 712 02$aUnited States.$bFederal Trade Commission.$bOffice of Consumer and Business Education. 801 0$bN@F 801 1$bN@F 801 2$bOCLCQ 801 2$bGPO 906 $aBOOK 912 $a9910691698703321 996 $aBuying a washing machine$93423861 997 $aUNINA